| 000 | 00475nam a2200205Ia 4500 | ||
|---|---|---|---|
| 003 | OSt | ||
| 005 | 20251212122623.0 | ||
| 008 | 250729s2005 xx 000 0 und d | ||
| 020 | _a 9788175101425 | ||
| 040 | _cAL | ||
| 041 | _aeng | ||
| 082 | _a150 SIND | ||
| 100 |
_aSingh S _9227003 |
||
| 245 | _aDictionary of psychology | ||
| 260 |
_aNew Delhi _c2005 |
||
| 300 | _a493p | ||
| 650 |
_aPsychology _9227004 |
||
| 700 |
_aRao Digumurthi _9227005 |
||
| 942 |
_2ddc _cBED |
||
| 999 |
_c237497 _d237497 |
||